000 00652nam a2200277Ia 4500
005 20260324111352.0
008 008 260324s9999 xx 000 0 eng d
020 _a9781032694467
037 _aEBOOK
040 _aCRL
040 _beng
040 _cCRL
041 _2eng
041 _aeng
084 _qCRL
100 _aWalter Coppola
_91138270
245 0 _aHandbook of Gestalt-Theoretical Psychology of Art
260 _bTaylor and Francis
260 _c2025
365 _a
365 _b360
856 _uhttp://www.taylorfrancis.com/books/9781032694467
942 _cEBOOK
999 _c1727069
_d1727069